Thinkwell's macroeconomic
This digital "textbook" includes CD-ROMs and customized website, as well as suite of web-based tools to track student performance and facilitate class communication. CD-ROM set contains multimedia tutorials, with animation and sound. Customized website contains illustrated notes, interacti...
Gespeichert in:
| 1. Verfasser: | |
|---|---|
| Format: | Buch |
| Sprache: | Undetermined |
| Veröffentlicht: |
[Austin, Tex.]
Thinkwell
2001
|
| Schlagworte: | |
| Tags: |
Tag hinzufügen
Keine Tags, Fügen Sie den ersten Tag hinzu!
|
| Thư viện lưu trữ: | Trung tâm Học liệu Trường Đại học Cần Thơ |
|---|
| LEADER | 00907nam a2200205Ia 4500 | ||
|---|---|---|---|
| 001 | CTU_102448 | ||
| 008 | 210402s9999 xx 000 0 und d | ||
| 020 | |c 27.2 | ||
| 082 | |a 339 | ||
| 082 | |b T659/Dis.2 | ||
| 100 | |a Tomlinson, Steven | ||
| 245 | 0 | |a Thinkwell's macroeconomic | |
| 245 | 0 | |c Steven Tomlinson | |
| 260 | |a [Austin, Tex.] | ||
| 260 | |b Thinkwell | ||
| 260 | |c 2001 | ||
| 520 | |a This digital "textbook" includes CD-ROMs and customized website, as well as suite of web-based tools to track student performance and facilitate class communication. CD-ROM set contains multimedia tutorials, with animation and sound. Customized website contains illustrated notes, interactive exercises with customized feedback, animations, a threaded discussion forum, and broadcast email | ||
| 650 | |a Macroeconomic | ||
| 904 | |i M.Loan, H. Mai | ||
| 980 | |a Trung tâm Học liệu Trường Đại học Cần Thơ | ||